LEADER 01048nam a2200253 4500 001 000000336896 003 CaOOAMICUS 005 20191004154717.0 008 191004s2007 it 000 u ita r 020 $a978-88-8272-320-0 040 $aSeMil$bita 100 1 $aMarion, Jean-Luc,$d<1946- >.$0(OLS)http://semarc/name/2629 240 13$aLe phénomène érotique.$0(OLS)http://semarc/title/426015 245 13$aIl fenomeno erotico : $bsei meditazioni /$cJean-Luc Marion. 264 1$aSiena :$bCantagalli,$c2007. 300 $a286 p. ;$c21 cm. 650 4$aErotismo - Filosofia.$0(OLS)http://semarc/subject/23106 850 $aSeMil 852 $aSeMil$W1$xVenegono$y1$m2P III 864$j218166$B228786$CSeMilBibl$Z2$F228786 $81 961 $aBrambilla don Paolo - Omaggio 996 $6020$a978-88-8272-320-0$9(OLS)http://semarc/number/288791 996 $6245$aIl fenomeno erotico : $bsei meditazioni$9(OLS)http://semarc/title/426012 996 $6264$aSiena :$bCantagalli$9(OLS)http://semarc/publisher/29767 LEADER 01028nam a2200265 i 4500 001 000000127461 003 CaOOAMICUS 005 20070717000000.0 008 070717s2000 sp u000 u spa u 013 $a100171 020 $a84-313-1807-4 040 $aSeMil$bita 100 1 $aRodríguez Almenar, Jorge Manuel.$0(OLS)http://semarc/name/52437 245 13$aEl Sudario de Oviedo /$cJorge Manuel Rodríguez Almenar. 260 $aPamplona :$bEUNSA,$cCopyr. 2000. 300 $a134 p. :$bricc. ill. ;$c28 cm. 500 $aFondo card. C.M. Martini. 650 4$aGesù Cristo - Reliquie - Sudario di Oviedo.$0(OLS)http://semarc/subject/24628 850 $aSeMil 852 $aSeMil$W1$xVenegono$y1$m3P V 340$j81759$B81759$CSeMilBibl$Z2$F127306 $81 941 1 $a4 961 $aOmaggio: Martini Card. Carlo Maria 996 $6020$a84-313-1807-4$9(OLS)http://semarc/number/113899 996 $6245$aEl Sudario de Oviedo$9(OLS)http://semarc/title/188131 996 $6260$aPamplona :$bEUNSA$9(OLS)http://semarc/publisher/30130